000 00584nam a2200205Ia 4500
005 20250923145341.0
008 008 250917s9999 xx 000 0 eng d
037 _aTextual
040 _aDSWL
_beng
_cDSWL
041 _aeng
_2eng
084 _aY:1:7x1, N70
_qDSWL
100 _aGusfield, J.R.
_9834372
245 0 _aProtest, Reform, and revolt
_c by J.R. Gusfield
260 _aNew York
_b John Wiley & Sons Inc.
_c1970
300 _axiv,576p.
365 _aINR
_b182 . 22
925 _g182 . 22
942 _cTEXL
_hY:1:7x1, N70
999 _c1450326
_d1450326